Genealogy of Jesus - Statistics

General Stats
  • This quiz has been taken 69 times
    68 since last reset
  • The average score is 12 of 63
Answer Stats
Answer % Correct
Joseph
89%
Adam
79%
David
79%
Abraham
74%
Jesus
68%
Noah
68%
Jacob
63%
Jacob
63%
Solomon
61%
Seth
55%
Isaac
53%
Jesse
34%
Shem
34%
Judah
29%
Ruth
29%
Boaz
26%
Methuselah
26%
Asa
18%
Enoch
18%
Rahab
18%
Obed
16%
Hezekiah
13%
Tamar
13%
Ahaz
11%
Amminadab
11%
Josiah
11%
Perez
11%
Rehoboam
11%
Salmon
11%
Amon
8%
Eleazar
8%
Eliakim
8%
Jotham
8%
Lamech
8%
Matthan
8%
Abijah
5%
Azor
5%
Hezron
5%
Manasseh
5%
Ram
5%
Shealtiel
5%
Terah
5%
Zerubbabel
5%
Akim
3%
Elihud
3%
Enosh
3%
Jared
3%
Jehoiachin
3%
Jehoram
3%
Mahalalel
3%
Nahor
3%
Nashon
3%
Peleg
3%
Reu
3%
Uzziah
3%
Zadok
3%
Abihud
0%
Arphaxad
0%
Cainan
0%
Eber
0%
Kenan
0%
Serug
0%
Shelah
0%
No matching quizzes found
Score Distribution
Percent of People with Each Score
Percentile by Number Answered
Your Score History
You have not taken this quiz since the last reset